000 00265nam a2200109Ia 4500
008 190914s9999||||xx |||||||||||||| ||und||
100 _aAbul Ala Mawdudi
245 0 _aTowards Understanding Islam
260 _aNew Delhi
_bDorling
_c2000
300 _a2005
942 _cBK
999 _c9937
_d9937